00658nam a2200169Ia 4500008004100000020001800041041000800059082001600067100002200083245011700105250000600222260006100228300001100289650003300300999001900333952013600352210716s2008 xx 000 0 und d a9780070532366 aeng a004.22 GOVB aGovindarajalu, B. aComputer architecture and organization: design principles and applications.bDesign principles and applications. a1 aNew DelhibTata McGraw Hill Publishing Company Ltdc2008 axx,698 aComputer Arch., Org.(004.22) c190883d190883 001040708MCAaAIMITbAIMITeHigginbothams Pvt Ltdg475.00l0o004.22 GOVBpMCA10391r2025-07-21 00:00:00v356.25w2021-07-16yBK